Global warming hazard. (Record no. 60598)

MARC details
000 -LEADER
fixed length control field 00793cam a2200181 4500
001 - CONTROL NUMBER
control field ABS60924
008 - FIXED-LENGTH DATA ELEMENTS--GENERAL INFORMATION
fixed length control field 000000n1999 000 0 eng u
035 ## - SYSTEM CONTROL NUMBER
System control number (Sirsi) u101465
100 ## - MAIN ENTRY--PERSONAL NAME
Personal name Sands, D.
245 ## - TITLE STATEMENT
Title Global warming hazard.
260 ## - PUBLICATION, DISTRIBUTION, ETC.
Date of publication, distribution, etc. 1999
490 ## - SERIES STATEMENT
Series statement Estates Gazette
Volume/sequential designation (9927) 10 July 1999, 52-53(2)
520 ## - SUMMARY, ETC.
Summary, etc. Reports on a speech by Klaus Hohmann, managing director of Dresdner Bank's open-ended fund, Degi, at the Pan-European Property Investment conference. He warned that the German funds must improve their performance to compete with other property funds and asset classes. Table of open-ended funds' foreign holdings.
650 ## - SUBJECT ADDED ENTRY--TOPICAL TERM
Topical term or geographic name entry element EUROPE
650 ## - SUBJECT ADDED ENTRY--TOPICAL TERM
Topical term or geographic name entry element GERMANY
690 ## - LOCAL SUBJECT ADDED ENTRY--TOPICAL TERM (OCLC, RLIN)
Topical term or geographic name as entry element PROPERTY-COMMERCIAL PROPERTY-COMMERCIAL PROPERTY FINANCE AND INVESTMENT
942 ## - ADDED ENTRY ELEMENTS (KOHA)
Suppress in OPAC 0
Holdings
Withdrawn status Lost status Source of classification or shelving scheme Damaged status Not for loan Home library Current library Shelving location Date acquired Total Checkouts Full call number Barcode Date last seen Copy number Price effective from Koha item type
    Dewey Decimal Classification     London London Journal article 04/11/1999   ABS60924 101465-1001 06/08/2019 1 06/08/2019 Journal article